| Tag |
First Indicator |
Second Indicator |
Subfields |
| LEADER |
00000cam a2200000 i 4500 |
| 001 |
in00000990708 |
| 005 |
20150927160955.0 |
| 008 |
790508s1978 cou 00010 eng d |
| 035 |
|
|
|a (OCoLC)04941790
|
| 035 |
|
|
|9 AEY5325AM
|
| 040 |
|
|
|a DVP
|c DVP
|d m.c.
|d m/c
|d TXA
|d UtOrBLW
|
| 049 |
1 |
|
|a TXA2
|
| 090 |
|
|
|a GB653
|b .C724 no. 89
|
| 100 |
1 |
|
|a Shafer, John M.
|
| 245 |
1 |
0 |
|a Synthesis and calibration of a river basin water management model /
|c by John M. Shafer, and John W. Labadie ; submitted to Office of Water Research and Technology, U.S. Department of Interior.
|
| 264 |
|
1 |
|a Fort Collins :
|b Colorado Water Resources Research Institute,
|c 1978.
|
| 300 |
|
|
|a vi, 63 pages :
|b illustrations ;
|c 28 cm.
|
| 336 |
|
|
|a text
|b txt
|2 rdacontent
|
| 337 |
|
|
|a unmediated
|b n
|2 rdamedia
|
| 338 |
|
|
|a volume
|b nc
|2 rdacarrier
|
| 490 |
1 |
|
|a Colorado Water Resources Research Institute. Completion report ;
|v 89
|
| 504 |
|
|
|a Bibliography: pages 62-63.
|
| 536 |
|
|
|d A-039-COLO
|
| 650 |
|
0 |
|a Watershed management
|z Cache la Poudre River watershed.
|
| 650 |
|
0 |
|a Watershed management
|x Data processing.
|
| 650 |
|
0 |
|a Computer simulation.
|
| 700 |
1 |
|
|a Labadie, John W.
|
| 710 |
1 |
|
|a United States.
|b Office of Water Research and Technology.
|
| 830 |
|
0 |
|a Completion report (Colorado Water Resources Research Institute) ;
|v no. 89.
|
| 999 |
|
|
|a MARS
|
| 999 |
f |
f |
|s e91bc53e-a698-3f26-a40a-81e96a82ceb9
|i edffa48a-859f-3a3b-9e44-5af0649061f0
|t 0
|
| 952 |
f |
f |
|p ric
|a Texas A&M University
|b Rellis Campus
|c Joint Library Facility
|d Remote Storage
|t 0
|e GB653 .C724 no.89
|h Library of Congress classification
|i unmediated -- volume
|m A14814156836
|
| 998 |
f |
f |
|a GB653 .C724 no.89
|t 0
|l Remote Storage
|